All Clubs Sebastien Haller Has Played For - Statistics

General Stats
  • This quiz has been taken 16 times
    2 since last reset
  • The average score is 7 of 12
Answer Stats
Year Appearences Goals Answer % Correct
2021-2022 66 47 Ajax
100%
2022-2025 41 12 Borussia Dortmund
100%
2017-2019 77 33 Eintracht Frankfurt
100%
2020-Present(Nationality) 32 11 Ivory Coast
100%
2019-2021 54 14 West Ham United
100%
2012-2015 57 8 Auxerre
50%
2010-2014 57 29 Auxerre II
50%
2024-2025(Loan) 9 0 CD Leganés
50%
2015(Loan) 17 11 FC Utrecht
0%
2015-2017 81 40 FC Utrecht
0%
2025(Loan) 18 6 FC Utrecht
0%
2025-Present 31 1 FC Utrecht
0%
No matching quizzes found
Score Distribution
Percent of People with Each Score
Percentile by Number Answered
Your Score History
You have not taken this quiz since the last reset